| 000 | 04066nkm0a2200625 4500 | ||
|---|---|---|---|
| 001 | RU\NLR\BIBL_A\022620159 | ||
| 005 | 20260204000000.0 | ||
| 035 | _a(NLR Aleph) 022620159 | ||
| 071 | 5 | 0 |
_a137 г _d10 коп. |
| 090 |
_a89033 _c89033 |
||
| 100 | _a20250911d1944 u y0rusy50 ca | ||
| 101 | 0 | _arus | |
| 102 | _aRU | ||
| 116 | _adiycxx bk ae | ||
| 135 | _acrcn 024anaba | ||
| 181 | 0 |
_ab4 _bxb2e |
|
| 182 | 0 | _an | |
| 200 | 1 |
_aДа здравствует 27-я годовщина Великой Октябрьской социалистической революции! _eпочтовая карточка _fхуд. А. Ермолаев |
|
| 203 |
_aИзображение _bнеподвижное _bдвухмерное _bвизуальное _cнепосредственное |
||
| 210 |
_a[Москва] _c"Советский график" по зак. Моск. к-ры Главбумсбыта _d[1944] |
||
| 215 |
_a1 л. _cцв. цинкогр. _d9,9х14,7 |
||
| 300 | _aНа почтовой карточке также текст: Смерть немецким захватчикам! | ||
| 300 | _aЦенз. разрешение: Г6.10.44 | ||
| 301 | _aИзд. номер: № 137 г | ||
| 316 |
_aЭкз. РНБ на шифре Э ОИр704-3/1944-Е, Эот100963: 9,9х14,6 см _5NLR: Э ОИр704-3/1944-Е |
||
| 325 | _aКопия доступна в Электрон. б-ке РНБ | ||
| 327 | 0 | _aСоветское знамя с профильными портретами В. И. Ленина и И. В. Сталина, знамена с пятиконечной звездой, серпом и молотом | |
| 532 | 1 | 1 | _aДа здравствует двадцать седьмая годовщина Великой Октябрьской социалистической революции! |
| 600 | 1 |
_aЛенин _bВ.И. _gВладимир Ильич _f1870 - 1924 _jОткрытки _2nlr_sh1 _2nlr_sh2 _3RU\NLR\AUTH\66362063 |
|
| 600 | 1 |
_aСталин _bИ.В. _gИосиф Виссарионович _f1879 - 1953 _jОткрытки _2nlr_sh1 _2nlr_sh2 _3RU\NLR\AUTH\6663550 |
|
| 606 | 1 |
_aПочтовые открытки маркированные художественные _yСССР _z1941 - 1945 _2nlr_sh2 _3RU\NLR\AUTH\661531868 |
|
| 606 | 1 |
_aВеликая Октябрьская социалистическая революция _z1917 _xГодовщины _z1944 _jОткрытки _2nlr_sh2 _3RU\NLR\AUTH\6601684088 |
|
| 610 | 1 | _aПоздравительные открытки | |
| 610 | 1 | _aПортретные открытки | |
| 610 | 1 | _aДвойные портреты | |
| 610 | 1 | _aОткрытки к 7 Ноября | |
| 686 | 1 | _aЩ153(2)7-489 | |
| 700 | 1 |
_aЕрмолаев _bА. М. _f1900-1977 _gАдриан Михайлович _3RU\NLR\AUTH\770151543 _4040 |
|
| 712 | 0 | 1 |
_aСССР _bГлавное управление по сбыту продукции целлюлозно-бумажной промышленности _bМосковская контора _3RU\NLR\AUTH\880618212 _4570 |
| 712 | 0 | 2 |
_a"Советский график", всероссийское товарищество художников-графиков _3RU\NLR\AUTH\880618204 _4650 |
| 852 | 0 | 0 |
_aNLR _bЭ _jОИр704-3/1944-Е _mЭот100961 |
| 852 | 0 | 0 |
_aNLR _bЭ _jОИр704-3/1944-Е _mЭот100962 |
| 852 | 0 | 0 |
_aNLR _bЭ _jОИр704-3/1944-Е _mЭот100963 |
| 856 | 0 | _uhttps://vivaldi.nlr.ru/lo500003958/view | |
| 856 | 1 | _uhttps://vivaldi.nlr.ru/lo500003958/cover | |
| 856 | 2 | _uhttps://vivaldi.nlr.ru/lo500003958/text | |
| 901 | _eИзографические материалы | ||
| 942 | _cVISUAL | ||
| 945 | _aРоссийская национальная библиотека | ||
| 980 | _aNB | ||
| 980 | _aBV | ||
| 981 | 1 | 7 |
_a(17) Изографические материалы _b(17) Открытки |